000 00708nam a22002177a 4500
999 _c22526
_d22526
003 AR-CdUCM
008 190321b ||||| |||| 00| 0 spa d
020 _a9786124730559
040 _aMUNICIPALIDAD PROVINCIAL DEL CUSCO
_cBIBLIOTECA MUNICIPAL DEL CUSCO
082 _a646.400985/U64
_bU64
100 _aUñapillco Roca, Emeteria
_948423
245 _aHistoria de la sastrería cusqueña /
_cEmeteria Uñapillco Roca
260 _aCusco :
_bSieteculebras,
_c2019.
300 _a116 paginas. :
_bilustraciones ;
_c21 cm.
650 _aIndustria textil
_9769
650 _aTextilería cusqueña
_946052
650 _aSastrería
_930362
650 _aHistoria
_948424
942 _2ddc
_cLIBROS
945 _aRoel